000 00491nam a2200181Ia 4500
005 20250508152252.0
008 008 250505s9999 xx 000 0 hin d
037 _aTextual
040 _aFEDL
_beng
_cFEDL
041 _ahin
_2hin
084 _aFH, VAR
_qFEDL
100 _aVarma B L
_9761114
245 0 _aJhansi ki Rani: Lakshmi Bai
260 _aBanaras, India
_bSahitya- Ratan- Mala Karyalaya
300 _a511p.
942 _cTEXL
_hFH, VAR
999 _c1335414
_d1335414